| 000 | 00537nam a2200193Ia 4500 | ||
|---|---|---|---|
| 005 | 20240823052343.0 | ||
| 008 | 240823s9999||||xx |||||||||||||| ||und|| | ||
| 020 | _a81-239-1362-1 | ||
| 041 | _aENGLISH | ||
| 082 | _A624.15136 P7 | ||
| 100 | _aMurthy V N S | ||
| 245 | 0 | _aTextbook of Soil Mechanics and Foundation Engineering | |
| 250 | _a1st | ||
| 260 |
_c2007 _b"CBS Publishers & Distributors,New " |
||
| 500 | _aYES | ||
| 650 |
_aTextbook of Soil Mechanics and Foundation Engineering _bCivil |
||
| 942 | _cBK | ||
| 999 |
_c221669 _d221669 |
||